[Event "28. Torneo San Viator 2017 - Torneo B"]
[Site "Madrid ESP"]
[Date "2017.05.21"]
[Round "7.7"]
[White "Algaba Traspuesto, Jose Antoni"]
[Black "Carrasco Coquillat, Alvaro"]
[Result "0-1"]
[WhiteElo "1568"]
[BlackElo "1505"]
[PlyCount "98"]
[EventDate "2017.03.26"]
[EventType "swiss"]
[EventRounds "9"]
[EventCountry "ESP"]
[SourceTitle "Ajedrez en Madrid"]
[Source "lmi"]
[SourceDate "2017.03.26"]

1. e4 g6 2. d4 Bg7 3. Nc3 d6 4. Be3 Nf6 5. f3 O-O 6. Qd2 Na6 7. O-O-O b6 8. Bh6
Bb7 9. h4 c5 10. d5 Nc7 11. g4 a6 12. Bxg7 Kxg7 13. h5 Rh8 14. Nge2 b5 15. Ng3
Qe8 16. Be2 Rb8 17. hxg6 fxg6 18. Qh6+ Kf7 19. Qf4 Kg7 20. g5 Nd7 21. Rh3 b4
22. Nb1 Nb6 23. b3 a5 24. Nd2 a4 25. Nc4 Ba6 26. Nxb6 Bxe2 27. Nxe2 Rxb6 28.
Qg4 Qb5 29. f4 Ra6 30. f5 axb3 31. f6+ exf6 32. gxf6+ Kf7 33. axb3 h5 34. Qg2
c4 35. bxc4 Qxc4 36. Kd2 Ra2 37. Rc1 Nb5 38. Rd3 b3 39. Rxb3 Qxb3 40. Qf2 Qb4+
41. Kd1 Qxe4 42. Ng3 Qg4+ 43. Ke1 Re8+ 44. Kf1 h4 45. Ne2 Qf5 46. Rb1 Qxf2+ 47.
Kxf2 Rxc2 48. Rxb5 Rcxe2+ 49. Kf3 Kxf6 0-1

[Event "28. Torneo San Viator 2017 - Torneo B"]
[Site "Madrid ESP"]
[Date "2017.05.21"]
[Round "7.8"]
[White "Laray Fernandez, Juan"]
[Black "Rodriguez Coarasa, Carlos"]
[Result "0-1"]
[WhiteElo "1490"]
[BlackElo "1706"]
[PlyCount "64"]
[EventDate "2017.03.26"]
[EventType "swiss"]
[EventRounds "9"]
[EventCountry "ESP"]
[SourceTitle "Ajedrez en Madrid"]
[Source "lmi"]
[SourceDate "2017.03.26"]

1. e4 e6 2. d4 d5 3. exd5 exd5 4. Nc3 Nf6 5. Bg5 Be7 6. Bd3 Bg4 7. Nge2 c6 8.
O-O O-O 9. Qd2 Nbd7 10. Nd1 Re8 11. Qf4 Bxe2 12. Bxe2 h6 13. Bxf6 Nxf6 14. Ne3
Bd6 15. Qf3 Ne4 16. Rad1 Ng5 17. Qg4 Re4 18. Qh5 g6 19. Qxh6 Bf8 20. Qxf8+ Kxf8
21. Bd3 Rxd4 22. c3 Rf4 23. c4 d4 24. Nc2 c5 25. Rfe1 Qd6 26. Be2 Re8 27. Ne3
Rfe4 28. Bf3 Nxf3+ 29. gxf3 R4e6 30. Ng2 Rxe1+ 31. Nxe1 Qe6 32. Nd3 Qxc4 0-1

[Event "28. Torneo San Viator 2017 - Torneo B"]
[Site "Madrid ESP"]
[Date "2017.05.21"]
[Round "7.9"]
[White "Garcia Castineira, Ivan"]
[Black "Comeron Galan, Daniel"]
[Result "0-1"]
[WhiteElo "1656"]
[BlackElo "1494"]
[PlyCount "88"]
[EventDate "2017.03.26"]
[EventType "swiss"]
[EventRounds "9"]
[EventCountry "ESP"]
[SourceTitle "Ajedrez en Madrid"]
[Source "lmi"]
[SourceDate "2017.03.26"]

1. d4 d5 2. c4 e6 3. Nf3 Nf6 4. Bg5 Be7 5. Nc3 Nbd7 6. e3 O-O 7. Rc1 a6 8. cxd5
exd5 9. Bd3 c6 10. O-O Re8 11. Qc2 Nf8 12. Ne5 N6d7 13. Bxe7 Qxe7 14. Nxd7 Bxd7
15. e4 dxe4 16. Bxe4 Rad8 17. Rfe1 Bf5 18. f3 Bxe4 19. Rxe4 Qd7 20. Rce1 Rxe4
21. Rxe4 Ne6 22. Rh4 g6 23. Ne4 Qxd4+ 24. Kf1 f5 25. Qb3 Qd1+ 26. Qxd1 Rxd1+
27. Ke2 Rd8 28. Nc3 f4 29. Ne4 Kg7 30. g3 Nd4+ 31. Kf2 fxg3+ 32. hxg3 Nf5 33.
Rh1 Rd5 34. g4 Nd6 35. Rc1 Nxe4+ 36. fxe4 Rd2+ 37. Ke3 Rxb2 38. Rd1 Kf6 39. Rd7
h5 40. gxh5 gxh5 41. Rh7 Kg6 42. Rd7 h4 43. e5 Kf5 44. Rh7 Kxe5 0-1

[Event "28. Torneo San Viator 2017 - Torneo B"]
[Site "Madrid ESP"]
[Date "2017.05.21"]
[Round "7.10"]
[White "Caravantes Camacho, Fernando"]
[Black "Cortijo Manso, Luis"]
[Result "0-1"]
[WhiteElo "1626"]
[BlackElo "1534"]
[PlyCount "52"]
[EventDate "2017.03.26"]
[EventType "swiss"]
[EventRounds "9"]
[EventCountry "ESP"]
[SourceTitle "Ajedrez en Madrid"]
[Source "lmi"]
[SourceDate "2017.03.26"]

1. e4 e6 2. d4 d5 3. e5 c5 4. c3 Nc6 5. Nf3 Qb6 6. a3 Nge7 7. b4 cxd4 8. cxd4
Bd7 9. Bd3 Nxd4 10. O-O Nxf3+ 11. Qxf3 Ng6 12. Qe2 Be7 13. Bb2 Nf4 14. Qg4 Nxd3
15. Bd4 Qc7 16. Qxg7 Rf8 17. Nd2 b6 18. f4 Qb7 19. Qxh7 O-O-O 20. Qxd3 Kb8 21.
b5 Rc8 22. a4 Rg8 23. a5 Bc5 24. Bxc5 Rxc5 25. Rfb1 d4 26. axb6 Qxg2# 0-1

[Event "28. Torneo San Viator 2017 - Torneo B"]
[Site "Madrid ESP"]
[Date "2017.05.21"]
[Round "7.11"]
[White "Del Rio Perezagua, Mario"]
[Black "Carrasco Coquillat, Jorge"]
[Result "1-0"]
[WhiteElo "1621"]
[BlackElo "1468"]
[PlyCount "95"]
[EventDate "2017.03.26"]
[EventType "swiss"]
[EventRounds "9"]
[EventCountry "ESP"]
[SourceTitle "Ajedrez en Madrid"]
[Source "lmi"]
[SourceDate "2017.03.26"]

1. Nf3 c5 2. g3 g6 3. Bg2 Bg7 4. O-O Nc6 5. d3 d6 6. e4 e5 7. c3 Nge7 8. Nbd2
O-O 9. Nc4 h6 10. a4 f5 11. exf5 Rxf5 12. Ne3 Rf6 13. Nd2 d5 14. Qb3 Be6 15.
Qa3 b6 16. c4 Nb4 17. Qb3 Rb8 18. Nf3 d4 19. Nc2 Nxc2 20. Qxc2 Qc7 21. Nd2 Qd7
22. Ne4 Rf5 23. g4 Rf7 24. h3 Rbf8 25. a5 Bxg4 26. hxg4 Qxg4 27. Qd1 Qh4 28. f3
Nf5 29. Qe1 Qh5 30. Ng3 Nxg3 31. Qxg3 g5 32. Qg4 Qg6 33. Qe4 Qh5 34. axb6 axb6
35. Ra6 Rf6 36. Qxe5 Re8 37. Qd5+ Kh7 38. Ra8 Rxa8 39. Qxa8 g4 40. Qe4+ Kh8 41.
fxg4 Rxf1+ 42. Kxf1 Qf7+ 43. Qf5 Qc7 44. Bf4 Qd8 45. Be4 Kg8 46. Bd5+ Kh8 47.
g5 h5 48. Qg6 1-0

[Event "28. Torneo San Viator 2017 - Torneo B"]
[Site "Madrid ESP"]
[Date "2017.05.21"]
[Round "7.13"]
[White "Ramos Ramos, Jose Antonio"]
[Black "Jimenez Perez, Federico"]
[Result "1-0"]
[WhiteElo "1567"]
[BlackElo "1375"]
[PlyCount "91"]
[EventDate "2017.03.26"]
[EventType "swiss"]
[EventRounds "9"]
[EventCountry "ESP"]
[SourceTitle "Ajedrez en Madrid"]
[Source "lmi"]
[SourceDate "2017.03.26"]

1. e4 c5 2. d4 cxd4 3. c3 g6 4. Qxd4 Nf6 5. e5 Nc6 6. Qf4 Nh5 7. Qe3 Bg7 8. g4
d5 9. gxh5 d4 10. cxd4 Bg4 11. Bb5 Qd5 12. Bxc6+ bxc6 13. f3 Bxh5 14. Nc3 Qa5
15. Bd2 O-O 16. Nge2 f6 17. Ng3 Bxf3 18. Qxf3 fxe5 19. Qxc6 exd4 20. Qd5+ Qxd5
21. Nxd5 Kh8 22. Rf1 d3 23. Rxf8+ Bxf8 24. Rc1 e5 25. Ne4 h6 26. Rc7 g5 27.
Ndf6 Bg7 28. Nh5 Rg8 29. Nef6 Rf8 30. Rxg7 Rxf6 31. Rg8+ Kxg8 32. Nxf6+ Kg7 33.
Ne4 Kg6 34. Kf2 Kf5 35. Kf3 g4+ 36. Ke3 h5 37. Be1 a5 38. a3 a4 39. Bh4 Ke6 40.
Nc5+ Kd5 41. Nxa4 e4 42. Nc3+ Kc4 43. Nxe4 Kb3 44. Kxd3 Ka4 45. Nf6 g3 46. hxg3
1-0

[Event "28. Torneo San Viator 2017 - Torneo B"]
[Site "Madrid ESP"]
[Date "2017.05.21"]
[Round "7.14"]
[White "Garcia Chica, Eva Maria"]
[Black "Loncomilla Sanhueza, Ernesto"]
[Result "0-1"]
[WhiteElo "1411"]
[BlackElo "1538"]
[PlyCount "64"]
[EventDate "2017.03.26"]
[EventType "swiss"]
[EventRounds "9"]
[EventCountry "ESP"]
[SourceTitle "Ajedrez en Madrid"]
[Source "lmi"]
[SourceDate "2017.03.26"]

1. e4 e5 2. Nf3 Nc6 3. c3 d5 4. Qa4 Bd7 5. exd5 Nd4 6. Qd1 Nxf3+ 7. Qxf3 Nf6 8.
Bc4 Bc5 9. h3 O-O 10. O-O e4 11. Qe2 Bf5 12. d4 Bd6 13. Bg5 Qd7 14. Nd2 Rae8
15. Bxf6 gxf6 16. Rae1 Kh8 17. Qh5 Bg6 18. Qh4 f5 19. Qf6+ Kg8 20. Qg5 Be7 21.
Qg3 Kh8 22. f3 Rg8 23. fxe4 fxe4 24. Qe5+ Rg7 25. Qf4 Bd6 26. Qe3 f5 27. Qe2
Reg8 28. Nb3 Bh5 29. Qc2 Rxg2+ 30. Qxg2 Rxg2+ 31. Kxg2 Qg7+ 32. Kh1 Qg3 0-1

[Event "28. Torneo San Viator 2017 - Torneo B"]
[Site "Madrid ESP"]
[Date "2017.05.21"]
[Round "7.15"]
[White "Sanchez Ortega, Ivan"]
[Black "Lopez Nunez, Alonso"]
[Result "1/2-1/2"]
[WhiteElo "1657"]
[BlackElo "1405"]
[PlyCount "77"]
[EventDate "2017.03.26"]
[EventType "swiss"]
[EventRounds "9"]
[EventCountry "ESP"]
[SourceTitle "Ajedrez en Madrid"]
[Source "lmi"]
[SourceDate "2017.03.26"]

1. d4 Nf6 2. c4 e6 3. Nf3 Bb4+ 4. Bd2 a5 5. Qc2 b6 6. g3 Bb7 7. Bg2 d6 8. a3
Bxd2+ 9. Nbxd2 Nbd7 10. O-O O-O 11. e3 Qe7 12. Rac1 Rfd8 13. Rfd1 Rac8 14. Ne1
Bxg2 15. Nxg2 c5 16. dxc5 dxc5 17. Nf3 Ng4 18. h3 Nge5 19. Nge1 Qf6 20. Kg2
Nxf3 21. Nxf3 Ne5 22. Nxe5 Qxe5 23. b3 Qc7 24. Rxd8+ Rxd8 25. Rd1 Qc6+ 26. Kg1
Rd6 27. Rd2 Qd7 28. Rxd6 Qxd6 29. Kf1 g6 30. Ke2 Kf8 31. Qc3 h5 32. Qf6 Ke8 33.
h4 Qe7 34. Qe5 Kd7 35. Qe4 Qd6 36. Qf3 Ke7 37. Qb7+ Kf6 38. Qf3+ Ke7 39. Qb7+
1/2-1/2

[Event "28. Torneo San Viator 2017 - Torneo B"]
[Site "Madrid ESP"]
[Date "2017.05.21"]
[Round "7.16"]
[White "Urbelz Perez, Ignacio"]
[Black "Aguilar Guzman, Reynaldo"]
[Result "1-0"]
[WhiteElo "1606"]
[BlackElo "1558"]
[PlyCount "79"]
[EventDate "2017.03.26"]
[EventType "swiss"]
[EventRounds "9"]
[EventCountry "ESP"]
[SourceTitle "Ajedrez en Madrid"]
[Source "lmi"]
[SourceDate "2017.03.26"]

1. e4 e5 2. Nf3 Nc6 3. Bb5 Nd4 4. Nxd4 exd4 5. O-O a6 6. Bc4 Nf6 7. e5 Ne4 8.
d3 Nc5 9. Nd2 b5 10. Bd5 c6 11. Bb3 Nxb3 12. Nxb3 c5 13. Bf4 Be7 14. Qg4 g6 15.
Qf3 Ra7 16. Bh6 d6 17. Bg7 Rg8 18. Bf6 dxe5 19. Bxe5 Be6 20. Nd2 Bd5 21. Qe2
Kd7 22. c4 Be6 23. cxb5 axb5 24. Ne4 Rxa2 25. Rxa2 Bxa2 26. Ra1 Bd5 27. Ra7+
Kc6 28. Qe1 Bb3 29. Bc7 Qxc7 30. Rxc7+ Kxc7 31. Qa5+ Kc6 32. Qa6+ Kd5 33. Qxb5
Bd1 34. Qd7+ Ke5 35. Qxe7+ Kf5 36. Qxf7+ Kg4 37. Qxg8 Bc2 38. h3+ Kf5 39. Qd5+
Kf4 40. Qg5# 1-0

[Event "28. Torneo San Viator 2017 - Torneo B"]
[Site "Madrid ESP"]
[Date "2017.05.21"]
[Round "7.17"]
[White "Lopez Martin, Israel"]
[Black "Perez Gonzalez, Manuel"]
[Result "0-1"]
[WhiteElo "1431"]
[BlackElo "1600"]
[PlyCount "52"]
[EventDate "2017.03.26"]
[EventType "swiss"]
[EventRounds "9"]
[EventCountry "ESP"]
[SourceTitle "Ajedrez en Madrid"]
[Source "lmi"]
[SourceDate "2017.03.26"]

1. e4 d6 2. Nf3 Nf6 3. Nc3 g6 4. d4 Bg7 5. Bg5 O-O 6. Qd2 c5 7. Bh6 cxd4 8.
Bxg7 dxc3 9. Qh6 Ng4 10. Qh4 Kxg7 11. Ng5 h6 12. h3 cxb2 13. Rb1 Qa5+ 14. Kd1
Qxa2 15. Rxb2 Qxb2 16. hxg4 Rh8 17. Bc4 Qd4+ 18. Bd3 Qf6 19. f4 Qxf4 20. Nf3 g5
21. Qe1 Bxg4 22. Qc3+ Qf6 23. Qd2 Bxf3+ 24. gxf3 Qxf3+ 25. Be2 Qxh1+ 26. Qe1
Qxe1+ 0-1

[Event "28. Torneo San Viator 2017 - Torneo B"]
[Site "Madrid ESP"]
[Date "2017.05.21"]
[Round "7.18"]
[White "Sarabia Diaz, Santiago"]
[Black "Di Pietro Moreno, Fatima"]
[Result "1-0"]
[WhiteElo "1563"]
[BlackElo "1394"]
[PlyCount "100"]
[EventDate "2017.03.26"]
[EventType "swiss"]
[EventRounds "9"]
[EventCountry "ESP"]
[SourceTitle "Ajedrez en Madrid"]
[Source "lmi"]
[SourceDate "2017.03.26"]

1. e4 e6 2. Nf3 d5 3. Qe2 Nf6 4. exd5 Nxd5 5. g3 Be7 6. Bg2 O-O 7. O-O c6 8. c4
Nb4 9. d4 a5 10. a3 N4a6 11. Nc3 Nd7 12. Be3 Nc7 13. Rfd1 Nf6 14. Ne5 Bd6 15.
Bg5 h6 16. Bxf6 Qxf6 17. Ne4 Qd8 18. Qh5 Be7 19. f4 Ne8 20. Rd2 Nf6 21. Nxf6+
Bxf6 22. Rad1 Qc7 23. Be4 Bxe5 24. fxe5 Qe7 25. h4 Bd7 26. g4 Be8 27. g5 f5 28.
gxf6 Bxh5 29. fxe7 Rfe8 30. Rf1 Rxe7 31. Bf3 Bxf3 32. Rxf3 Rf7 33. Kg2 Raf8 34.
Rdf2 Rxf3 35. Rxf3 Rxf3 36. Kxf3 Kf7 37. Ke4 Ke7 38. h5 b6 39. d5 cxd5+ 40.
cxd5 exd5+ 41. Kxd5 b5 42. b4 axb4 43. axb4 Kd7 44. e6+ Ke7 45. Ke5 Kf8 46. Kd6
Ke8 47. e7 g6 48. hxg6 h5 49. g7 Kf7 50. e8=Q+ Kxe8 1-0

[Event "28. Torneo San Viator 2017 - Torneo B"]
[Site "Madrid ESP"]
[Date "2017.05.21"]
[Round "7.20"]
[White "Alvarez Poves, Jesus"]
[Black "Dominguez Afonso, Ayraldo"]
[Result "0-1"]
[WhiteElo "1576"]
[BlackElo "1639"]
[PlyCount "80"]
[EventDate "2017.03.26"]
[EventType "swiss"]
[EventRounds "9"]
[EventCountry "ESP"]
[SourceTitle "Ajedrez en Madrid"]
[Source "lmi"]
[SourceDate "2017.03.26"]

1. d4 Nf6 2. Nf3 g6 3. c4 Bg7 4. Nc3 O-O 5. e4 d6 6. Be2 e5 7. d5 Nbd7 8. h3 a5
9. Be3 Nc5 10. Nd2 h6 11. O-O Ne8 12. f4 exf4 13. Rxf4 g5 14. Rf2 Qe7 15. Qc2
Qe5 16. Nf3 Qg3 17. Bd4 Bxh3 18. e5 b6 19. Bxc5 bxc5 20. Ne4 Bf5 21. Nfd2 Bxe4
22. Nxe4 Qxe5 23. Bh5 f5 24. Nc3 Nf6 25. Bg6 f4 26. Rd1 Ng4 27. Re2 Ne3 28. Qd3
Qe7 29. Nb5 Be5 30. Rde1 Qg7 31. b3 Rf6 32. Be4 g4 33. a3 g3 34. Rxe3 fxe3 35.
Rxe3 Qg5 36. Bh7+ Kh8 37. Qe4 Qh5 38. Rxg3 Bxg3 39. Qe7 Bh2+ 40. Kh1 Rf1# 0-1

[Event "28. Torneo San Viator 2017 - Torneo B"]
[Site "Madrid ESP"]
[Date "2017.05.21"]
[Round "7.21"]
[White "Garcia Martin, Javier"]
[Black "Tenorio Garcia, Joel"]
[Result "0-1"]
[WhiteElo "1664"]
[BlackElo "1340"]
[PlyCount "98"]
[EventDate "2017.03.26"]
[EventType "swiss"]
[EventRounds "9"]
[EventCountry "ESP"]
[SourceTitle "Ajedrez en Madrid"]
[Source "lmi"]
[SourceDate "2017.03.26"]

1. c4 Nf6 2. Nc3 d5 3. cxd5 Nxd5 4. g3 g6 5. Bg2 Nxc3 6. bxc3 Bg7 7. Rb1 c6 8.
Qc2 O-O 9. Nf3 Qa5 10. O-O Rd8 11. Rb3 Na6 12. Ra3 Qc7 13. d3 Nc5 14. Nd2 Bf5
15. e4 Be6 16. d4 Nd7 17. f4 Nb6 18. Re1 Nc4 19. Nxc4 Bxc4 20. Ra4 b5 21. Rb4
a5 22. Rb1 Rab8 23. a3 a4 24. f5 Bb3 25. Qf2 Qa5 26. Bb2 Qc7 27. e5 Bc4 28. f6
exf6 29. exf6 Bf8 30. Re3 c5 31. Rbe1 b4 32. axb4 cxb4 33. cxb4 Bxb4 34. Bc3
Bf8 35. Re5 a3 36. Ba5 Qa7 37. Bxd8 Rxd8 38. Rd1 a2 39. Qb2 Rb8 40. Qa1 Ba3 41.
Qc3 Rb1 42. Re8+ Bf8 43. Ree1 a1=Q 44. Qxa1 Qxa1 45. Rxb1 Qxd4+ 46. Kh1 Bd5 47.
Bxd5 Qxd5+ 48. Kg1 Bc5+ 49. Kf1 Qf3# 0-1

[Event "28. Torneo San Viator 2017 - Torneo B"]
[Site "Madrid ESP"]
[Date "2017.05.21"]
[Round "7.23"]
[White "Fernandez Munoz, Jesus Norberto"]
[Black "Fernandez Garcia, Emilio"]
[Result "0-1"]
[WhiteElo "1403"]
[BlackElo "1606"]
[PlyCount "153"]
[EventDate "2017.03.26"]
[EventType "swiss"]
[EventRounds "9"]
[EventCountry "ESP"]
[SourceTitle "Ajedrez en Madrid"]
[Source "lmi"]
[SourceDate "2017.03.26"]

1. d4 Nf6 2. Nf3 g6 3. Bf4 Bg7 4. Qd2 h5 5. h3 d6 6. Nc3 Nbd7 7. e4 c6 8. Bc4
b5 9. Bd3 Bb7 10. O-O Nb6 11. e5 dxe5 12. Bxe5 O-O 13. Qe2 Bh6 14. Ne4 Nxe4 15.
Qxe4 Nd5 16. Nh4 e6 17. Nxg6 f5 18. Qf3 Qg5 19. Nxf8 Rxf8 20. Qg3 Kf7 21. Qxg5
Bxg5 22. f4 Bh4 23. Be2 Kg6 24. Bf3 Ne3 25. Bxh5+ Kxh5 26. Rf3 Nxc2 27. Rc1 Nb4
28. a3 Nd5 29. g3 Rg8 30. Kf2 Be7 31. Rg1 c5 32. Rb3 a6 33. Rd3 c4 34. Rdd1 Nb6
35. g4+ fxg4 36. hxg4+ Rxg4 37. Rxg4 Kxg4 38. Rg1+ Kf5 39. Rg7 Nc8 40. Rh7 Ke4
41. Ke2 Bd5 42. Rh8 Nd6 43. Rb8 Nf5 44. Re8 Bd6 45. Bh8 Nxd4+ 46. Kd1 Bxf4 47.
Rf8 Be5 48. Bxe5 Kxe5 49. Kd2 Nb3+ 50. Kc3 Ke4 51. Rf7 a5 52. Rf2 Ke3 53. Rh2
b4+ 54. axb4 axb4+ 55. Kxb4 Kd3 56. Ka3 e5 57. Rh3+ Kd4 58. Rh4+ Ke3 59. Kb4
Nd2 60. Kc3 Bf3 61. Rh2 Be2 62. Rh3+ Nf3 63. b4 cxb3 64. Kxb3 Bd3 65. Rg3 Kf2
66. Rh3 Bf1 67. Rh8 e4 68. Re8 Ke3 69. Kb4 Kd4 70. Rxe4+ Kxe4 71. Kc5 Ke5 72.
Kc6 Ke4 73. Kc5 Ke5 74. Kb4 Nd4 75. Ka3 Bd3 76. Kb2 Nc2 77. Kb1 0-1

[Event "28. Torneo San Viator 2017 - Torneo B"]
[Site "Madrid ESP"]
[Date "2017.05.21"]
[Round "7.24"]
[White "Del Noval Nemeshazi, Mario"]
[Black "Garcia Rojas, Juan Carlos"]
[Result "1-0"]
[WhiteElo "1371"]
[BlackElo "1514"]
[PlyCount "155"]
[EventDate "2017.03.26"]
[EventType "swiss"]
[EventRounds "9"]
[EventCountry "ESP"]
[SourceTitle "Ajedrez en Madrid"]
[Source "lmi"]
[SourceDate "2017.03.26"]

1. e4 c5 2. Nf3 d6 3. d4 cxd4 4. Nxd4 Nf6 5. Nc3 a6 6. Be3 e6 7. Bc4 Be7 8. Qd2
Bd7 9. O-O-O Nc6 10. Nb3 Ne5 11. Be2 Bc6 12. f4 Ng6 13. Bf3 O-O 14. g3 Qc7 15.
Nd4 Rfd8 16. f5 exf5 17. exf5 Bxf3 18. Nxf3 Ne5 19. Nxe5 dxe5 20. Qe2 Bb4 21.
Nb1 Rdc8 22. c3 Ne4 23. Qd3 Nd6 24. a3 e4 25. Qd5 Ba5 26. Qxd6 Qc4 27. Bd4 Bc7
28. Qb4 Qe2 29. Rd2 Qf3 30. Rg1 e3 31. Rd3 Qf2 32. Bxe3 Qxh2 33. Qg4 Bd8 34.
Rd2 h5 35. Qf3 Qh3 36. Rh1 Qg4 37. Qxg4 hxg4 38. Rdh2 Kf8 39. Rh8+ Ke7 40. R1h7
Kf6 41. Bd4+ Kxf5 42. Rxg7 Bg5+ 43. Rxg5+ Kxg5 44. Rxc8 Rxc8 45. Kd2 Re8 46.
Kd3 b5 47. Nd2 f5 48. Be3+ Kg6 49. Kd4 Kf6 50. Bf4 Ke6 51. Kc5 Kd7 52. Kb6 Re6+
53. Ka5 Rc6 54. Nb3 Kc8 55. Nd4 Rf6 56. b3 Kb7 57. c4 bxc4 58. bxc4 Rf8 59. c5
Rd8 60. c6+ Ka7 61. c7 Rd5+ 62. Kb4 Kb7 63. Kc4 Ra5 64. Nc6 Ra4+ 65. Kd5 Rxf4
66. gxf4 Kxc7 67. Nd4 g3 68. Ne2 g2 69. Ke5 Kc6 70. Kxf5 Kd5 71. Kg4 Ke4 72.
Kg3 a5 73. Kxg2 Kf5 74. Kf3 Kf6 75. Ke4 Kg6 76. Kd5 Kf5 77. Kc5 a4 78. Kb4 1-0

[Event "28. Torneo San Viator 2017 - Torneo B"]
[Site "Madrid ESP"]
[Date "2017.05.21"]
[Round "7.25"]
[White "Murillo Paz, Pedro"]
[Black "Gonzalez Reyes, Felix"]
[Result "1-0"]
[WhiteElo "1358"]
[BlackElo "1495"]
[PlyCount "79"]
[EventDate "2017.03.26"]
[EventType "swiss"]
[EventRounds "9"]
[EventCountry "ESP"]
[SourceTitle "Ajedrez en Madrid"]
[Source "lmi"]
[SourceDate "2017.03.26"]

1. e4 d5 2. e5 e6 3. d4 c5 4. Nf3 Nc6 5. Bb5 Bd7 6. Bxc6 Bxc6 7. O-O c4 8. b3
b5 9. c3 h6 10. b4 a5 11. bxa5 Rxa5 12. Bf4 b4 13. cxb4 Bxb4 14. Bd2 Qb6 15.
Nc3 Bxc3 16. Bxc3 Rb5 17. Qc2 Ne7 18. Rab1 Qa6 19. Rxb5 Bxb5 20. Rb1 Kd7 21.
Rb4 Nc6 22. Rb2 g6 23. h3 Rb8 24. Qd2 Qa3 25. Ne1 h5 26. Nc2 Qa6 27. Qf4 Ke8
28. Nb4 Nxb4 29. Bxb4 Qc8 30. Qf6 Qd8 31. Qg7 Kd7 32. Qxf7+ Kc8 33. Qxe6+ Bd7
34. Qa6+ Rb7 35. Bd6 Bc6 36. Qxc6+ Rc7 37. Bxc7 Qxc7 38. Qe8+ Qd8 39. Qxd8+
Kxd8 40. Rb5 1-0

[Event "28. Torneo San Viator 2017 - Torneo B"]
[Site "Madrid ESP"]
[Date "2017.05.21"]
[Round "7.27"]
[White "Marinas Olaya, Marta"]
[Black "Aparicio Iriso, Miguel"]
[Result "0-1"]
[WhiteElo "1307"]
[BlackElo "1474"]
[PlyCount "118"]
[EventDate "2017.03.26"]
[EventType "swiss"]
[EventRounds "9"]
[EventCountry "ESP"]
[SourceTitle "Ajedrez en Madrid"]
[Source "lmi"]
[SourceDate "2017.03.26"]

1. d4 Nf6 2. Nf3 b6 3. Bf4 Bb7 4. e3 g6 5. Bd3 Bg7 6. O-O d6 7. c4 Nbd7 8. Nc3
c5 9. Qe2 O-O 10. Rab1 cxd4 11. exd4 Nh5 12. Bg5 Re8 13. Qe3 Bxf3 14. Qxf3 Bxd4
15. Rfe1 Ne5 16. Qe4 Bxc3 17. bxc3 Nxd3 18. Qxd3 Kg7 19. Qd4+ f6 20. g4 e5 21.
Qe4 fxg5 22. gxh5 gxh5 23. Red1 Qe7 24. Qc6 Red8 25. a4 Rac8 26. Qd5 Rc5 27.
Qe4 Qf6 28. Qb7+ Qf7 29. Qe4 Qxc4 30. Rb4 Qxe4 31. Rxe4 Rxc3 32. Re2 Kf6 33.
Red2 Ke6 34. Kg2 Ra3 35. Rc1 Rd7 36. Rc8 d5 37. Re8+ Kd6 38. Re2 e4 39. Rg8 g4
40. Rg5 Rxa4 41. Rxh5 Rg7 42. Rh6+ Kc5 43. Rc2+ Rc4 44. Rxc4+ dxc4 45. Rh5+ Kd4
46. Rf5 c3 47. Rf8 Rc7 48. Rd8+ Kc4 49. Rd1 c2 50. Rc1 Kd3 51. f4 exf3+ 52. Kf2
Kd2 53. Re1 Rc4 54. h4 c1=Q 55. Rxc1 Rxc1 56. h5 b5 57. h6 b4 58. Kg3 b3 59.
Kxg4 f2 0-1

[Event "28. Torneo San Viator 2017 - Torneo B"]
[Site "Madrid ESP"]
[Date "2017.05.21"]
[Round "7.28"]
[White "Duran Andres, Rodrigo"]
[Black "Jarne Anguita, Miguel"]
[Result "1/2-1/2"]
[WhiteElo "1207"]
[BlackElo "1463"]
[PlyCount "92"]
[EventDate "2017.03.26"]
[EventType "swiss"]
[EventRounds "9"]
[EventCountry "ESP"]
[SourceTitle "Ajedrez en Madrid"]
[Source "lmi"]
[SourceDate "2017.03.26"]

1. e4 c5 2. Nc3 d6 3. d3 Nf6 4. g3 g6 5. Bg2 Bg7 6. f4 Nc6 7. Nf3 O-O 8. h3 e5
9. fxe5 Nxe5 10. Be3 b6 11. Nxe5 dxe5 12. Bg5 Qd6 13. Qd2 Be6 14. h4 c4 15.
O-O-O a6 16. dxc4 Qxd2+ 17. Rxd2 Bxc4 18. Bf3 h5 19. Rd6 Nh7 20. Rxb6 Nxg5 21.
hxg5 Rab8 22. Rxb8 Rxb8 23. Rd1 Bf8 24. Nd5 Rc8 25. Nb6 Rc7 26. Nxc4 Rxc4 27.
Rd8 Kg7 28. Rd5 Rc5 29. Kd2 Be7 30. Rxc5 Bxc5 31. g4 h4 32. a3 Kf8 33. Kd3 Ke7
34. Kc4 Kd6 35. b4 Be3 36. a4 Kc6 37. b5+ axb5+ 38. axb5+ Kb6 39. Kd5 Kxb5 40.
Kxe5 Bxg5 41. Kd4 Kc6 42. e5+ Kd7 43. c4 f6 44. c5 fxe5+ 45. Kxe5 Be3 46. c6+
Kc7 1/2-1/2

[Event "28. Torneo San Viator 2017 - Torneo B"]
[Site "Madrid ESP"]
[Date "2017.05.21"]
[Round "7.33"]
[White "Ramirez De La Piscina G, Juan A"]
[Black "Abanades Flores, Diego"]
[Result "1-0"]
[WhiteElo "1662"]
[BlackElo "1398"]
[PlyCount "33"]
[EventDate "2017.03.26"]
[EventType "swiss"]
[EventRounds "9"]
[EventCountry "ESP"]
[SourceTitle "Ajedrez en Madrid"]
[Source "lmi"]
[SourceDate "2017.03.26"]

1. e4 Nf6 2. Nc3 d5 3. exd5 Nxd5 4. Bc4 c6 5. Qf3 e6 6. Nge2 Nd7 7. O-O Ne5 8.
Qe4 Nxc4 9. Qxc4 Be7 10. d3 O-O 11. Bd2 Qc7 12. a3 b6 13. Nd4 Nxc3 14. Bxc3 c5
15. Nf3 Bb7 16. Qg4 Bxf3 17. Qxg7# 1-0

[Event "28. Torneo San Viator 2017 - Torneo B"]
[Site "Madrid ESP"]
[Date "2017.05.21"]
[Round "7.34"]
[White "Iriarte Gomez, Enrique"]
[Black "Jimenez Sanchez, Juan Daniel"]
[Result "1-0"]
[WhiteElo "1658"]
[BlackElo "1345"]
[PlyCount "65"]
[EventDate "2017.03.26"]
[EventType "swiss"]
[EventRounds "9"]
[EventCountry "ESP"]
[SourceTitle "Ajedrez en Madrid"]
[Source "lmi"]
[SourceDate "2017.03.26"]

1. d4 e6 2. Nf3 Nf6 3. e3 d5 4. Bd3 Nbd7 5. Nbd2 c5 6. b3 cxd4 7. exd4 Bd6 8.
Bb2 O-O 9. O-O Re8 10. Ne5 Qc7 11. f4 Bb4 12. Rf3 Bc3 13. Bxh7+ Nxh7 14. Rxc3
Qb6 15. Rxc8 Raxc8 16. Nxd7 Qd6 17. Ne5 Rc7 18. Rc1 b5 19. c4 bxc4 20. bxc4 Qb4
21. Nd3 Qa5 22. Nb3 Qa6 23. c5 Rb8 24. a3 Rcb7 25. Nb4 Qa4 26. c6 Rb6 27. Rc5
Rb5 28. Qd3 a5 29. Rxb5 Rxb5 30. c7 axb4 31. c8=Q+ Nf8 32. Qc6 bxa3 33. Qcxb5
1-0

[Event "28. Torneo San Viator 2017 - Torneo B"]
[Site "Madrid ESP"]
[Date "2017.05.21"]
[Round "7.35"]
[White "Sanchez Rosado, Alberto"]
[Black "Gijon Molina, Carlos"]
[Result "0-1"]
[WhiteElo "1578"]
[BlackElo "1144"]
[PlyCount "100"]
[EventDate "2017.03.26"]
[EventType "swiss"]
[EventRounds "9"]
[EventCountry "ESP"]
[SourceTitle "Ajedrez en Madrid"]
[Source "lmi"]
[SourceDate "2017.03.26"]

1. e4 c6 2. d4 d5 3. e5 Bf5 4. Nf3 e6 5. Nc3 Nd7 6. a3 a5 7. Ne2 h6 8. c3 Ne7
9. Ng3 Bh7 10. Nh5 Qb6 11. Bd3 Bxd3 12. Qxd3 c5 13. O-O Nc6 14. Rb1 O-O-O 15.
Be3 Be7 16. Nxg7 Rdg8 17. Nh5 a4 18. Nf6 Nxf6 19. exf6 Bd6 20. Qd1 Qa7 21. b4
c4 22. b5 Na5 23. b6 Qa6 24. Qxa4 Nb3 25. Qxa6 bxa6 26. a4 a5 27. Ne5 Rh7 28.
Nc6 Kb7 29. Ne5 h5 30. Nd7 h4 31. Nc5+ Bxc5 32. dxc5 e5 33. Rxb3 cxb3 34. Rb1
h3 35. g3 Rh4 36. Rxb3 Rxa4 37. Kf1 Rc8 38. Ke2 Rc6 39. Rb1 Rxf6 40. Rd1 Kc6
41. f4 e4 42. Rd2 Ra1 43. Bd4 Rg6 44. f5 Rxg3 45. c4 Rg2+ 46. Bf2 d4 47. Rxd4
Ra2+ 48. Ke3 Rgxf2 49. Rd6+ Kxc5 50. b7 Rae2# 0-1